[Event "बाहुबली (एक योद्धा) BAHUBALI (a warrior)"]
[Site "SchemingMind.com"]
[Date "2015.09.19"]
[Round "-"]
[White "emvarela"]
[Black "Ramesh Panwar"]
[Result "0-1"]
[WhiteCountry "ARG"]
[BlackCountry "IND"]
[WhiteElo "1700"]
[WhiteRD "49"]
[BlackElo "2402"]
[BlackRD "59"]
[GameID "387572"]

1. c4 e5 2. Nc3 Nf6 3. g3 Nc6 4. Bg2 Bc5 5. e3 O-O 6. Nge2 d5 7. cxd5 Nb4 8. O-O Nbxd5 9. d4 exd4 10. Nxd5 Nxd5
11. exd4 Bb6 12. Nf4 Nxf4 13. Bxf4 Bxd4 14. Qc2 c6 15. Rad1 Qf6 16. b3 Bg4 17. Rd2 Rad8 18. Be3 Bxe3 19. fxe3 Qe5 20. Rxd8 Qxe3+
21. Kh1 Rxd8 22. Qf2 Qxf2 23. Rxf2 Rd1+ 24. Rf1 Rd2 25. Ra1 Be6 26. Bf1 g6 27. Bg2 f5 28. Kg1 Kf7 29. h4 Kf6 30. Bf3 h6
31. Kf1 g5 32. hxg5+ hxg5 33. Be2 Rb2 34. Kf2 f4 35. gxf4 gxf4 36. Kf3 Bd5+
0-1

[Event "बाहुबली (एक योद्धा) BAHUBALI (a warrior)"]
[Site "SchemingMind.com"]
[Date "2015.09.19"]
[Round "-"]
[White "Ramesh Panwar"]
[Black "emvarela"]
[Result "1-0"]
[WhiteCountry "IND"]
[BlackCountry "ARG"]
[WhiteElo "2402"]
[WhiteRD "59"]
[BlackElo "1700"]
[BlackRD "49"]
[GameID "387573"]

1. d4 Nf6 2. c4 g6 3. Nc3 Bg7 4. e4 d6 5. Nf3 O-O 6. Be2 e5 7. O-O Nc6 8. d5 Ne7 9. Bd2 c5 10. a3 a6
11. b4 b6 12. Nh4 cxb4 13. axb4 Bd7 14. Be3 a5 15. bxa5 Rxa5 16. Qb3 Rxa1 17. Rxa1 Nc8 18. Nf3 Ng4 19. Bd2 Bh6 20. Bxh6 Nxh6
21. h3 Qc7 22. Nd2 f5 23. Nf3 fxe4 24. Nxe4 Ne7 25. Nxe5 Bf5 26. Bg4 Nxg4 27. Nxg4= Bxe4 28. Qc3 Nf5 29. Nf6+ Kf7 30. Nxh7 Ke7
31. Nxf8 Bxd5 32. Qh8 Qb7 33. cxd5
1-0

[Event "बाहुबली (एक योद्धा) BAHUBALI (a warrior)"]
[Site "SchemingMind.com"]
[Date "2015.09.29"]
[Round "-"]
[White "emvarela"]
[Black "Helga1946"]
[Result "0-1"]
[WhiteCountry "ARG"]
[BlackCountry "GER"]
[WhiteElo "1700"]
[WhiteRD "49"]
[BlackElo "2284"]
[BlackRD "70"]
[GameID "387884"]

1. e4 c5 2. Nf3 e6 3. d4 cxd4 4. Nxd4 Nf6 5. Nc3 Nc6 6. Nxc6 bxc6 7. Bd3 Bd6 8. Bg5 Rb8 9. Rb1 Qa5 10. Bxf6 gxf6
11. Qd2 Qe5 12. g3 h5 13. a3 h4 14. f4 Qd4 15. Ke2 Ke7 16. b4 a5 17. Kf3 f5 18. exf5 axb4 19. axb4 Bxb4 20. Rb3 hxg3
21. Kxg3 Bxc3 22. Rxc3 Ba6 23. fxe6 Rbg8+ 24. Kf3 Qd5+ 25. Ke3 Rh3+
0-1

[Event "बाहुबली (एक योद्धा) BAHUBALI (a warrior)"]
[Site "SchemingMind.com"]
[Date "2015.09.29"]
[Round "-"]
[White "Helga1946"]
[Black "emvarela"]
[Result "1-0"]
[WhiteCountry "GER"]
[BlackCountry "ARG"]
[WhiteElo "2284"]
[WhiteRD "70"]
[BlackElo "1700"]
[BlackRD "49"]
[GameID "387885"]

1. Nf3 Nf6 2. d4 d5 3. c4 e6 4. Nc3 c6 5. e3 Bb4 6. Bd3 Nbd7 7. a3 Bxc3+ 8. bxc3 dxc4 9. Bxc4 Nb6 10. Bd3 O-O
11. e4 Nfd7 12. O-O Re8 13. a4 a5 14. Re1 e5 15. Qb3 exd4 16. cxd4 Nf6 17. Rb1 Nbd7 18. Ng5 h6 19. Nxf7 Qe7 20. Nxh6+ Kf8
21. Ba3
1-0

[Event "बाहुबली (एक योद्धा) BAHUBALI (a warrior)"]
[Site "SchemingMind.com"]
[Date "2015.09.29"]
[Round "-"]
[White "Helga1946"]
[Black "Ramesh Panwar"]
[Result "0-1"]
[WhiteCountry "GER"]
[BlackCountry "IND"]
[WhiteElo "2236"]
[WhiteRD "71"]
[BlackElo "2415"]
[BlackRD "59"]
[GameID "387886"]

1. Nf3 Nf6 2. d4 e6 3. c4 b6 4. g3 Bb7 5. Bg2 Bb4+ 6. Bd2 Bxd2+ 7. Qxd2 O-O 8. Nc3 Re8 9. O-O d5 10. Ne5 Nbd7
11. Rac1 Ne4 12. Bxe4 dxe4 13. Rfd1 f5 14. d5= Nxe5 15. dxe6 Qxd2 16. Rxd2 Rxe6 17. b3 Rf8 18. Rcd1 f4 19. Rd8 f3 20. e3 Re7
21. R8d2 Nd3 22. h3 Rd8 23. Rf1 Red7 24. Kh2 g5 25. a3 Kg7 26. Rc2 h6 27. Rb1 Kf6 28. Rd2 Ne5
0-1

[Event "बाहुबली (एक योद्धा) BAHUBALI (a warrior)"]
[Site "SchemingMind.com"]
[Date "2015.09.29"]
[Round "-"]
[White "Ramesh Panwar"]
[Black "Helga1946"]
[Result "0-1"]
[WhiteCountry "IND"]
[BlackCountry "GER"]
[WhiteElo "2402"]
[WhiteRD "59"]
[BlackElo "2284"]
[BlackRD "70"]
[GameID "387887"]

1. e4 e5 2. Nf3 Nc6 3. Bb5 a6 4. Bxc6 dxc6 5. O-O Qf6 6. d4 exd4 7. Bg5 Qd6 8. Nxd4 Be7 9. Bxe7 Nxe7 10. Nb3 Be6
11. Qe2 Qf4 12. Nc3 O-O-O 13. Rad1 Kb8 14. a3 g5 15. g3 Qf6 16. e5 Qg7 17. Nc5 Ng6 18. Rxd8+ Rxd8 19. Re1 Bc8 20. e6 Re8
21. Qd2= Ne5 22. Qe2 f6 23. Qh5 Re7 24. Qd1 b6 25. Nd3 Rxe6 26. Nxe5 Rxe5 27. Rxe5 fxe5 28. Qd3 Kb7 29. Nd1 h5 30. Kg2 h4
31. b4 e4 32. Qxe4 Qa1 33. Qd3 h3+ 34. Kf3 Bf5 35. Qxf5 Qxd1+ 36. Ke3 Qe1+ 37. Kf3 Qh1+ 38. Kg4 Qxh2 39. Qh7 Qxf2 40. Qxh3 Qxc2
41. Kxg5 Qc1+
0-1

[Event "बाहुबली (एक योद्धा) BAHUBALI (a warrior)"]
[Site "SchemingMind.com"]
[Date "2015.10.01"]
[Round "-"]
[White "emvarela"]
[Black "JimM"]
[Result "1-0"]
[WhiteCountry "ARG"]
[BlackCountry "USA"]
[WhiteElo "1720"]
[WhiteRD "49"]
[BlackElo "1742"]
[BlackRD "83"]
[GameID "387980"]

1. e4 c5 2. Nf3 e6 3. d4 cxd4 4. Nxd4 Nc6 5. Nxc6 bxc6 6. Be3 Nf6 7. Bd3 Bb4+ 8. c3 Ba5 9. Nd2 O-O 10. b4 Bb6
11. Bxb6 axb6 12. O-O e5 13. f4 d6 14. f5 Bb7 15. Qc2 Qc7 16. c4 Rfc8 17. h3 Nh5 18. Nf3 Nf4 19. Nh2 Ra3 20. Be2 c5
21. b5 Nxe2+ 22. Qxe2 Rca8 23. Rf3 Qe7 24. f6 gxf6 25. Rxa3 Rxa3 26. Rf1 Bc8 27. Ng4 Bxg4 28. Qxg4+ Kf8 29. Qh4 Rxa2 30. Qh6+ Ke8
31. Rxf6 Kd7 32. Qg7 Ke8 33. Qg8+ Qf8 34. Qxh7 Rc2 35. Qf5 Rxc4 36. Qc8+ Ke7 37. Qxf8+ Kxf8 38. Rxd6 Rxe4 39. Rxb6 Rb4 40. Rb8+ Ke7
41. b6 Kd7 42. b7 f5 43. Kf2 Kc7 44. Rc8+ Kxb7 45. Rxc5 Re4 46. h4 Rxh4 47. Rxe5 Rf4+ 48. Ke3 Rg4 49. Kf3= Rg5 50. g3 Kc6
51. Kf4 Kd6 52. Rxf5 Rxf5+ 53. Kxf5 Ke7 54. Kg6 Kf8 55. g4 Kg8 56. g5 Kh8 57. Kf7 Kh7 58. g6+
1-0

[Event "बाहुबली (एक योद्धा) BAHUBALI (a warrior)"]
[Site "SchemingMind.com"]
[Date "2015.10.01"]
[Round "-"]
[White "JimM"]
[Black "emvarela"]
[Result "1-0"]
[WhiteCountry "USA"]
[BlackCountry "ARG"]
[WhiteElo "1799"]
[WhiteRD "85"]
[BlackElo "1690"]
[BlackRD "47"]
[GameID "387981"]

1. d4 Nf6 2. c4 g6 3. Nf3 Bg7 4. g3 O-O 5. Bg2 d6 6. Nc3 Nbd7 7. O-O c6 8. Bf4 Re8 9. Qd2 Nb6 10. b3 Nfd7
11. e4 e5 12. Bg5 f6 13. Be3 c5 14. dxc5 Nxc5 15. Nd5 Nxd5 16. cxd5 Nxe4 17. Qb4 Nc5 18. Bxc5 dxc5 19. Qxc5 Bf8 20. Qc4 Qd6
21. Nd2 Bd7 22. Ne4 Qe7 23. d6+ Qf7 24. Nxf6+
1-0

[Event "बाहुबली (एक योद्धा) BAHUBALI (a warrior)"]
[Site "SchemingMind.com"]
[Date "2015.10.01"]
[Round "-"]
[White "JimM"]
[Black "Helga1946"]
[Result "0-1"]
[WhiteCountry "USA"]
[BlackCountry "GER"]
[WhiteElo "1747"]
[WhiteRD "90"]
[BlackElo "2284"]
[BlackRD "70"]
[GameID "387982"]

1. d4 Nf6 2. c4 e6 3. Nc3 d5 4. Nf3 c5 5. cxd5 exd5 6. Bg5 Be6 7. e4 Be7 8. dxc5 Nxe4 9. Nxe4 dxe4 10. Qxd8+ Kxd8
11. Bxe7+ Kxe7 12. Nd4 Nd7 13. Nxe6 fxe6= 14. b4 a5 15. c6 bxc6 16. b5 Rhc8 17. a4 Nb6 18. Be2 cxb5 19. Bxb5 Nd5 20. O-O Nc3
21. Rfe1 Rc5 22. h3 Rd8 23. Bf1 Rd4 24. Rec1 Kd6 25. g3 Rxa4 26. Rxa4 Nxa4 27. Re1 Nc3 28. Bg2 Kd5 29. h4 a4 30. Ra1 Rb5
0-1

[Event "बाहुबली (एक योद्धा) BAHUBALI (a warrior)"]
[Site "SchemingMind.com"]
[Date "2015.10.01"]
[Round "-"]
[White "Helga1946"]
[Black "JimM"]
[Result "1-0"]
[WhiteCountry "GER"]
[BlackCountry "USA"]
[WhiteElo "2284"]
[WhiteRD "70"]
[BlackElo "1747"]
[BlackRD "90"]
[GameID "387983"]

1. Nf3 Nf6 2. d4 g6 3. c4 Bg7 4. Nc3 O-O 5. e4 d6 6. h3 e5 7. dxe5 dxe5 8. Bg5 Qxd1+ 9. Rxd1 Nc6 10. Bd3 Re8
11. Nd5 Nxd5 12. cxd5 Nd8 13. O-O c6 14. Be3 a6 15. d6 b5 16. Bc2 Bd7 17. a3 Nb7 18. Bb3 c5 19. Bd5 Rab8 20. Ng5 Rf8
21. f4 h6 22. Nxf7 Kh7 23. Nxe5 Rfd8 24. b4 Nxd6 25. bxc5 Bxe5 26. fxe5 Ne8 27. e6
1-0

[Event "बाहुबली (एक योद्धा) BAHUBALI (a warrior)"]
[Site "SchemingMind.com"]
[Date "2015.09.26"]
[Round "-"]
[White "JimM"]
[Black "Ramesh Panwar"]
[Result "0-1"]
[WhiteCountry "USA"]
[BlackCountry "IND"]
[WhiteElo "1791"]
[WhiteRD "91"]
[BlackElo "2415"]
[BlackRD "59"]
[GameID "387984"]

1. e4 e5 2. Nf3 Nc6 3. Bb5 Nf6 4. O-O Bc5 5. c3 O-O 6. d4 Bb6 7. Bg5 h6 8. Bh4 d6 9. Qd3 g5 10. Nxg5 hxg5
11. Bxg5 Kg7 12. Qg3 Nxe4 13. Bxd8+ Nxg3 14. fxg3 Rxd8 15. Kh1 exd4 16. Bc4 Ne5 17. Bb3 d3 18. Nd2 Rh8 19. Rf3 Rxh2+ 20. Kxh2 Bg4
21. Rxf7+ Nxf7 22. Nf3 Ne5 23. Bd5 Nxf3+ 24. gxf3 Rh8+
0-1

[Event "बाहुबली (एक योद्धा) BAHUBALI (a warrior)"]
[Site "SchemingMind.com"]
[Date "2015.09.26"]
[Round "-"]
[White "Ramesh Panwar"]
[Black "JimM"]
[Result "1-0"]
[WhiteCountry "IND"]
[BlackCountry "USA"]
[WhiteElo "2415"]
[WhiteRD "59"]
[BlackElo "1791"]
[BlackRD "91"]
[GameID "387985"]

1. d4 Nf6 2. c4 g6 3. Nc3 Bg7 4. g3 O-O 5. Bg2 d6 6. Nf3 Nbd7 7. O-O e5 8. e4 c5 9. dxe5 dxe5 10. b3 Qc7
11. Bb2 b6 12. Nb5 Qb8 13. Nd6 Ba6 14. Nxe5 Nxe5 15. Bxe5 Qd8 16. f4 Qe7 17. Bxf6
1-0

[Event "बाहुबली (एक योद्धा) BAHUBALI (a warrior)"]
[Site "SchemingMind.com"]
[Date "2015.10.02"]
[Round "-"]
[White "emvarela"]
[Black "Scooter"]
[Result "1-0"]
[WhiteCountry "ARG"]
[BlackCountry "USA"]
[WhiteElo "1690"]
[WhiteRD "47"]
[BlackElo "1717"]
[BlackRD "47"]
[GameID "388014"]

1. e4 c6 2. d4 d5 3. exd5 cxd5 4. c4 Nf6 5. Nc3 Bf5 6. cxd5 Nxd5 7. Nxd5 Qxd5 8. Qa4+ Bd7 9. Qc4 Qxc4 10. Bxc4 g6
11. Nf3 Bg7 12. Be3 Bg4 13. Nd2 Nd7 14. f3 Bf5 15. O-O O-O 16. g4 Be6 17. Bxe6 fxe6 18. Kg2 Rac8 19. Rfc1 e5 20. Nb3 exd4
21. Bxd4 Bxd4 22. Nxd4 e5 23. Ne6 Rfe8 24. Ng5 Nb6 25. Ne4 Rxc1 26. Rxc1 Rc8 27. Rxc8+ Nxc8 28. Nc5 Nd6 29. Nd7 e4 30. Nf6+ Kg7
31. Nxe4 Nxe4 32. fxe4 Kf6 33. Kf3 g5 34. Ke3 Ke5 35. b3 b5 36. b4 a6 37. a3 Kd6 38. Kd4 h6 39. e5+ Ke6 40. Ke4
1-0

[Event "बाहुबली (एक योद्धा) BAHUBALI (a warrior)"]
[Site "SchemingMind.com"]
[Date "2015.10.02"]
[Round "-"]
[White "Scooter"]
[Black "emvarela"]
[Result "1-0"]
[WhiteCountry "USA"]
[BlackCountry "ARG"]
[WhiteElo "1717"]
[WhiteRD "47"]
[BlackElo "1690"]
[BlackRD "47"]
[GameID "388015"]

1. d4 Nf6 2. Nf3 c5 3. c4 e6 4. Bg5 Be7 5. e3 h6 6. Bxf6 Bxf6 7. Be2 cxd4 8. exd4 Nc6 9. O-O O-O 10. Nc3 d5
11. cxd5 exd5 12. Re1 Be6 13. Bb5 a6 14. Bxc6 bxc6 15. Ne5 Bxe5 16. dxe5 Rb8 17. b3 f6 18. exf6 Qxf6 19. Na4 Qxf2+ 20. Kh1 Rbe8
21. Rf1 Qxf1+ 22. Qxf1 Rxf1+ 23. Rxf1 Rf8 24. Kg1 Rxf1+ 25. Kxf1 Kf7 26. Nc5 Bc8 27. h4 Ke7 28. Kf2 Kf6 29. Kf3 Ke5 30. Ke3 d4+
31. Kd2 Kd5 32. Nd3 c5 33. Nf4+ Ke4 34. Nd3 c4 35. bxc4 a5 36. Nc5+ Ke5 37. Nb3 a4 38. Nc5 a3 39. Nd3+ Ke4 40. Nc5+ Ke5
41. Nd3+ Kd6 42. Kc2 Bf5 43. Kd2 Bxd3 44. Kxd3 Ke5 45. h5 Kd6 46. Kxd4
1-0

[Event "बाहुबली (एक योद्धा) BAHUBALI (a warrior)"]
[Site "SchemingMind.com"]
[Date "2015.09.27"]
[Round "-"]
[White "Scooter"]
[Black "JimM"]
[Result "1-0"]
[WhiteCountry "USA"]
[BlackCountry "USA"]
[WhiteElo "1723"]
[WhiteRD "47"]
[BlackElo "1791"]
[BlackRD "91"]
[GameID "388016"]

1. d4 g6 2. Nf3 Nf6 3. Bf4 Bg7 4. e3 O-O 5. Be2 d6 6. O-O Nh5 7. Ng5 Nxf4 8. exf4 e5 9. Nf3 exf4 10. Nbd2 Nc6
11. c3 Ne7 12. Qc2 Bf5 13. Bd3 Be6 14. Bc4 c5 15. Bxe6 fxe6 16. dxc5 dxc5 17. Qe4 Qb6 18. Nc4 Qc6 19. Rfe1 Rf6 20. Nfe5 Qxe4
21. Rxe4 Rf5 22. Nd7 Rd8 23. Rd1 Rd5 24. Rxd5 Nxd5 25. Nxc5 Nxc3 26. Re1 Nxa2 27. Nxe6 Re8 28. Kf1 Rc8 29. Nxg7 Kxg7 30. Nd6 Rc7
31. Ne8+ Kf7 32. Nxc7 Nb4 33. Re4 Nd3 34. b4 g5 35. Nb5 a6 36. Nd6+ Kf6 37. Nxb7 h5 38. Nc5
1-0

[Event "बाहुबली (एक योद्धा) BAHUBALI (a warrior)"]
[Site "SchemingMind.com"]
[Date "2015.09.27"]
[Round "-"]
[White "JimM"]
[Black "Scooter"]
[Result "0-1"]
[WhiteCountry "USA"]
[BlackCountry "USA"]
[WhiteElo "1747"]
[WhiteRD "90"]
[BlackElo "1707"]
[BlackRD "48"]
[GameID "388017"]

1. e4 c6 2. d4 d5 3. Nc3 dxe4 4. Nxe4 Bf5 5. Ng3 Bg6 6. Nf3 Nd7 7. h4 h6 8. h5 Bh7 9. Bd3 Bxd3 10. Qxd3 Qc7
11. Bd2 Ngf6 12. O-O-O O-O-O 13. Ne4 Nxe4 14. Qxe4 Nf6 15. Qd3 e6 16. Ne5 Bd6 17. Bf4 Rhf8 18. Qg3 Ne4 19. Qe3 Nf6 20. g3 Nd5
21. Qb3 Nxf4 22. gxf4 Qe7 23. Rd3 Qf6 24. Rf3 Bxe5 25. dxe5 Qe7 26. Rhh3 Qc7 27. Re3 Qa5 28. c3 Qd5 29. Qc2 Qg2 30. Qe2 Qg1+
31. Kc2 Rd7 32. Reg3 Qa1 33. a3 Qa2 34. Rd3 Qc4 35. Qd2 Rfd8 36. b3 Rxd3 37. Rxd3 Qe4 38. c4 Rxd3 39. Qxd3 Qxf4 40. Qg3 Qxg3
41. fxg3 c5 42. Kd3 Kd7 43. Ke4 Ke7 44. b4 cxb4 45. axb4 a6 46. g4 b6 47. Kd4 f5 48. gxf5 exf5 49. c5 bxc5+ 50. Kxc5 f4
51. Kd4 f3 52. Ke3 Ke6 53. Kxf3 Kxe5 54. Kg4 Kf6 55. Kh4 Kf5
0-1

[Event "बाहुबली (एक योद्धा) BAHUBALI (a warrior)"]
[Site "SchemingMind.com"]
[Date "2015.10.01"]
[Round "-"]
[White "Scooter"]
[Black "Helga1946"]
[Result "0-1"]
[WhiteCountry "USA"]
[BlackCountry "GER"]
[WhiteElo "1723"]
[WhiteRD "47"]
[BlackElo "2236"]
[BlackRD "71"]
[GameID "388018"]

1. d4 Nf6 2. Nf3 d5 3. Bf4 Bf5 4. e3 e6 5. Bd3 Ne4 6. Nbd2 Bd6 7. Bxd6 cxd6 8. O-O Nc6 9. Bb5 a6 10. Bxc6+ bxc6
11. Nxe4 Bxe4 12. Nd2 Bf5 13. c3 O-O 14. Nf3 c5 15. Re1 c4 16. b3 Qc7 17. bxc4 Qxc4 18. Qb3 Rfc8 19. Rec1 Rab8 20. Qxc4 Rxc4
21. Nd2 Rc7 22. a4 Rb2 23. Nf3 h5 24. a5 Kh7 25. Nh4 Bd3 26. Nf3 Rb3 27. h3 Rbxc3 28. Rxc3 Rxc3
0-1

[Event "बाहुबली (एक योद्धा) BAHUBALI (a warrior)"]
[Site "SchemingMind.com"]
[Date "2015.10.01"]
[Round "-"]
[White "Helga1946"]
[Black "Scooter"]
[Result "1-0"]
[WhiteCountry "GER"]
[BlackCountry "USA"]
[WhiteElo "2284"]
[WhiteRD "70"]
[BlackElo "1707"]
[BlackRD "48"]
[GameID "388019"]

1. Nf3 Nf6 2. d4 g6 3. c4 Bg7 4. Nc3 O-O 5. e4 d6 6. h3 e5 7. d5 Nbd7 8. Bd3 a6 9. O-O c5 10. Bg5 Qc7
11. Re1 Re8 12. Qd2 b6 13. Nh2 Rb8 14. Be2 Bb7 15. Be3 Qd8 16. Bg5 Bf8 17. Rab1 Be7 18. Be3 Qc7 19. Bg5 Kg7 20. a3 Ng8
21. Be3 Ngf6 22. b3 Bc8 23. Red1 Bb7 24. Rf1 Kg8 25. Rb2 Ba8 26. Ng4 Bf8 27. Nh6+ Kg7 28. f4 Kxh6 29. fxe5+
1-0

[Event "बाहुबली (एक योद्धा) BAHUBALI (a warrior)"]
[Site "SchemingMind.com"]
[Date "2015.09.27"]
[Round "-"]
[White "Scooter"]
[Black "Ramesh Panwar"]
[Result "0-1"]
[WhiteCountry "USA"]
[BlackCountry "IND"]
[WhiteElo "1723"]
[WhiteRD "47"]
[BlackElo "2415"]
[BlackRD "59"]
[GameID "388020"]

1. d4 Nf6 2. Nf3 e6 3. Bg5 d5 4. e3 c5 5. c3 Be7 6. Bb5+ Nbd7 7. O-O O-O 8. Nbd2 h6 9. Bxf6 Nxf6 10. h3 Qb6
11. a4 c4 12. b4 a6
0-1

[Event "बाहुबली (एक योद्धा) BAHUBALI (a warrior)"]
[Site "SchemingMind.com"]
[Date "2015.09.27"]
[Round "-"]
[White "Ramesh Panwar"]
[Black "Scooter"]
[Result "1-0"]
[WhiteCountry "IND"]
[BlackCountry "USA"]
[WhiteElo "2415"]
[WhiteRD "59"]
[BlackElo "1723"]
[BlackRD "47"]
[GameID "388021"]

1. c4 Nf6 2. Nc3 g6 3. d4 Bg7 4. e4 d6 5. Nf3 Bg4 6. Be2 O-O 7. O-O Nbd7 8. h3 Bxf3 9. Bxf3 e5 10. d5 a6
11. Bg5 h6 12. Be3 Re8 13. Qd2 Kh7 14. b4 Nb6 15. Be2 c6 16. dxc6 bxc6 17. Rfd1 Bf8 18. a4 d5 19. exd5 cxd5 20. Nxd5 Nbxd5
21. cxd5 Qd7 22. b5 a5 23. Rac1 Ne4 24. Qd3 f5 25. d6 Nxd6 26. Rc6 Red8 27. Bb6 Rdc8 28. Qd5 Qb7 29. Rxd6
1-0

[Event "बाहुबली (एक योद्धा) BAHUBALI (a warrior)"]
[Site "SchemingMind.com"]
[Date "2015.10.18"]
[Round "-"]
[White "emvarela"]
[Black "Hagel"]
[Result "1-0"]
[WhiteCountry "ARG"]
[BlackCountry "POL"]
[WhiteElo "1690"]
[WhiteRD "47"]
[BlackElo "1520"]
[BlackRD "69"]
[GameID "388760"]

1. e4 g6 2. d4 d6 3. Nc3 Bg7 4. f4 e5 5. fxe5 dxe5 6. d5 c6 7. Nf3 Bg4 8. dxc6 Qxd1+ 9. Kxd1 Nxc6 10. h3 Bxf3+
11. gxf3 O-O-O+ 12. Bd3 Nb4 13. Ke2 Ne7 14. Rd1
1-0

[Event "बाहुबली (एक योद्धा) BAHUBALI (a warrior)"]
[Site "SchemingMind.com"]
[Date "2015.10.17"]
[Round "-"]
[White "Hagel"]
[Black "emvarela"]
[Result "0-1"]
[WhiteCountry "POL"]
[BlackCountry "ARG"]
[WhiteElo "1795"]
[WhiteRD "98"]
[BlackElo "1700"]
[BlackRD "49"]
[GameID "388761"]

1. e4 e5 2. Nf3 Nc6 3. d4 exd4 4. Bc4 Bc5 5. c3 d6 6. O-O Bg4 7. Qb3 Qd7 8. Ng5 Ne5 9. f4 dxc3+ 10. Kh1 Nxc4
11. Qxc4 f6 12. Nf3 cxb2
0-1

[Event "बाहुबली (एक योद्धा) BAHUBALI (a warrior)"]
[Site "SchemingMind.com"]
[Date "2015.10.15"]
[Round "-"]
[White "Scooter"]
[Black "Hagel"]
[Result "0-1"]
[WhiteCountry "USA"]
[BlackCountry "POL"]
[WhiteElo "1723"]
[WhiteRD "47"]
[BlackElo "1969"]
[BlackRD "139"]
[GameID "388762"]

1. d4 d5 2. Nf3 Bf5 3. Bf4 e6 4. e3 c5 5. Bb5+ Nc6 6. c3 Qb6 7. Bxc6+ bxc6 8. Qb3 c4 9. Qxb6 axb6 10. O-O f6
11. Nbd2 Kd7 12. h3 h5 13. Rfe1 Bd6 14. Bxd6 Kxd6 15. b3 b5 16. e4 Bg6 17. e5+ Kd7 18. Nh4 Bd3 19. b4 Ne7 20. exf6 gxf6
21. Re3 Nf5 22. Nxf5 Bxf5 23. Nf3 Ra3 24. Nh4 Bd3 25. Ng6 Bxg6
0-1

[Event "बाहुबली (एक योद्धा) BAHUBALI (a warrior)"]
[Site "SchemingMind.com"]
[Date "2015.10.14"]
[Round "-"]
[White "Hagel"]
[Black "Scooter"]
[Result "1/2-1/2"]
[WhiteCountry "POL"]
[BlackCountry "USA"]
[WhiteElo "1795"]
[WhiteRD "98"]
[BlackElo "1707"]
[BlackRD "48"]
[GameID "388763"]

1. e4 c6 2. f4 d5 3. e5 Bf5 4. Nf3 e6 5. d3 h6 6. Be2 Nd7 7. c3 Bg4 8. O-O Qc7 9. a4 O-O-O 10. Na3 Bxa3
11. Rxa3 Ne7 12. a5 f6 13. d4 fxe5 14. Nxe5 Nxe5 15. fxe5 Bxe2 16. Qxe2 Rhf8 17. Qg4 Rxf1+ 18. Kxf1 Rf8+ 19. Ke2 Nf5 20. Qg6 Qf7
21. Qxf7 Rxf7 22. g3 g5 23. Ra1 g4 24. Bf4 h5 25. Rf1 b6 26. a6 b5 27. b4= Kc7 28. Ra1=
1/2-1/2

[Event "बाहुबली (एक योद्धा) BAHUBALI (a warrior)"]
[Site "SchemingMind.com"]
[Date "2015.10.14"]
[Round "-"]
[White "JimM"]
[Black "Hagel"]
[Result "1-0"]
[WhiteCountry "USA"]
[BlackCountry "POL"]
[WhiteElo "1799"]
[WhiteRD "85"]
[BlackElo "1520"]
[BlackRD "69"]
[GameID "388764"]

1. e4 g6 2. d4 d6 3. Nf3 Bg7 4. Nc3 Nf6 5. h3 O-O 6. Be3 Nc6 7. Bc4 e5 8. dxe5 Nxe5 9. Nxe5 dxe5 10. O-O c6
11. f4 exf4 12. Bxf4 Qb6+ 13. Rf2 Qxb2 14. Be5 Nxe4 15. Bxf7+ Rxf7 16. Qd8+ Bf8 17. Rxf7 Kxf7 18. Rf1+ Bf5 19. Qc7+ Ke6 20. g4 Bc5+
21. Kh1
1-0

[Event "बाहुबली (एक योद्धा) BAHUBALI (a warrior)"]
[Site "SchemingMind.com"]
[Date "2015.10.14"]
[Round "-"]
[White "Hagel"]
[Black "JimM"]
[Result "0-1"]
[WhiteCountry "POL"]
[BlackCountry "USA"]
[WhiteElo "1520"]
[WhiteRD "69"]
[BlackElo "1799"]
[BlackRD "85"]
[GameID "388765"]

1. e4 e5 2. Nf3 Nc6 3. d4 exd4 4. Bc4 Nf6 5. e5 d5 6. Bb5 Ne4 7. Nxd4 Bc5 8. Bxc6+ bxc6 9. Be3 Bxd4 10. Qxd4 O-O
11. Nd2 Bf5 12. Nxe4 Bxe4 13. O-O Qd7 14. c4 a5 15. cxd5 cxd5 16. Rfd1 c6 17. Qxe4 Qb7 18. Qc2 Rfe8 19. Bd4 Rac8
0-1

[Event "बाहुबली (एक योद्धा) BAHUBALI (a warrior)"]
[Site "SchemingMind.com"]
[Date "2015.10.19"]
[Round "-"]
[White "Helga1946"]
[Black "Hagel"]
[Result "1-0"]
[WhiteCountry "GER"]
[BlackCountry "POL"]
[WhiteElo "2250"]
[WhiteRD "71"]
[BlackElo "1520"]
[BlackRD "69"]
[GameID "388766"]

1. Nf3 d6 2. d4 g6 3. e4 Bg7 4. h3 Nf6 5. Bd3 O-O 6. O-O Nc6 7. c3 e5 8. Re1 h6 9. d5 Ne7 10. c4 b6
11. Bd2 Ne8 12. Nc3 f5 13. Qe2 f4 14. b4 a5 15. a3 g5 16. bxa5 bxa5 17. Qd1 g4 18. hxg4 Bxg4 19. Be2 Rf6 20. Rb1 Rg6
21. Nh4 Bxe2 22. Qxe2
1-0

[Event "बाहुबली (एक योद्धा) BAHUBALI (a warrior)"]
[Site "SchemingMind.com"]
[Date "2015.10.19"]
[Round "-"]
[White "Hagel"]
[Black "Helga1946"]
[Result "0-1"]
[WhiteCountry "POL"]
[BlackCountry "GER"]
[WhiteElo "1520"]
[WhiteRD "69"]
[BlackElo "2250"]
[BlackRD "71"]
[GameID "388767"]

1. e4 e5 2. Nf3 Nc6 3. d4 exd4 4. Bc4 Nf6 5. e5 d5 6. Bb5 Ne4 7. Nxd4 Bd7 8. O-O Nxd4 9. Bxd7+ Qxd7 10. Qxd4 Bc5
11. Qd3 O-O-O 12. Nc3 Qf5 13. Be3 Bxe3 14. fxe3 Qxe5 15. Rxf7 Nd6 16. Rf2 Nc4 17. b3 Nxe3 18. Re1 d4 19. Nb5 Rhe8 20. Rfe2 Qc5
0-1

[Event "बाहुबली (एक योद्धा) BAHUBALI (a warrior)"]
[Site "SchemingMind.com"]
[Date "2015.10.14"]
[Round "-"]
[White "Ramesh Panwar"]
[Black "Hagel"]
[Result "1-0"]
[WhiteCountry "IND"]
[BlackCountry "POL"]
[WhiteElo "2415"]
[WhiteRD "59"]
[BlackElo "1969"]
[BlackRD "139"]
[GameID "388768"]

1. d4 Nf6 2. c4 g6 3. Nc3 Bg7 4. e4 d6 5. Nf3 O-O 6. Be2 Nc6 7. O-O e5 8. d5 Ne7 9. Be3 h6 10. Qc1 Kh7
11. h3 Ne8 12. Re1 f5 13. exf5 gxf5 14. Qc2 Ng6 15. Rad1 b6 16. b3 f4 17. Bd3 Qf6 18. Bc1 Bf5 19. Ne4 Qe7 20. Neg5+ hxg5
21. Bxf5 Qf6= 22. Bd3 Kh6 23. h4 Nxh4 24. Nh2 Kh5 25. Be2+ f3 26. Qh7+ Qh6 27. g4#
1-0

[Event "बाहुबली (एक योद्धा) BAHUBALI (a warrior)"]
[Site "SchemingMind.com"]
[Date "2015.10.14"]
[Round "-"]
[White "Hagel"]
[Black "Ramesh Panwar"]
[Result "0-1"]
[WhiteCountry "POL"]
[BlackCountry "IND"]
[WhiteElo "1969"]
[WhiteRD "139"]
[BlackElo "2415"]
[BlackRD "59"]
[GameID "388769"]

1. e4 e5 2. Nf3 Nc6 3. d4 exd4 4. Bc4 Nf6 5. e5 d5 6. Bb5 Ne4 7. Nxd4 Bd7 8. Nxc6 bxc6 9. Bd3 Qe7 10. f3 Qh4+
0-1

[Event "बाहुबली (एक योद्धा) BAHUBALI (a warrior)"]
[Site "SchemingMind.com"]
[Date "2015.11.06"]
[Round "-"]
[White "smothered mate"]
[Black "emvarela"]
[Result "1-0"]
[WhiteCountry "POL"]
[BlackCountry "ARG"]
[WhiteElo "1942"]
[WhiteRD "68"]
[BlackElo "1709"]
[BlackRD "48"]
[GameID "389561"]

1. e4 e5 2. Nf3 Nc6 3. Bc4 Bc5 4. b4 Bb6 5. O-O a5 6. b5 Nce7 7. Nxe5 d5 8. Qf3 Be6 9. exd5 Bf5 10. d6 cxd6
11. Nxf7 Qc7 12. Qf4 Nf6 13. Qxd6 Qxd6 14. Nxd6+ Kd7 15. Nxf5 Nxf5 16. Bb2 Ne4 17. d3 Nxf2 18. Rxf2 Nd4 19. Kh1 Rhf8 20. Rxf8 Rxf8
21. Nc3 Nxc2 22. Rc1 Ne3 23. Nd5 Bc5 24. Nxe3 Bxe3 25. Rd1 Rf2 26. Bxg7
1-0